[Event "DEM 1999"]
[Site "Altenkirchen"]
[Date "1999.11.13"]
[Round "2"]
[White "Mueller, Karsten"]
[Black "Jugelt, Tobias"]
[Result "1-0"]
[WhiteElo "2533"]
[BlackElo "2401"]
[PlyCount "45"]

1. e4 c5 2. Nf3 d6 3. d4 cxd4 4. Nxd4 Nf6 5. Nc3 a6 6. Bc4 e6 7. Bb3 Nbd7 8. f4
Nc5 9. e5 dxe5 10. fxe5 Nfd7 11. Bf4 b5 12. Qe2 Bb7 13. O-O-O Qb6 14. Rhf1 g6
15. Kb1 Bg7 16. Nxe6 fxe6 17. Rd6 Qa5 18. Bxe6 Rf8 19. Bxd7+ Nxd7 20. Rxg6 Bh8
21. Re6+ Kd8 22. Rd6 Qb4 23. Qg4 1-0